[Event "Bratsk Region-ch"]
[Site "Bratsk"]
[Date "2013.10.23"]
[Round "5"]
[White "Domarovsky, Vasily"]
[Black "Petrov, Andrey A"]
[Result "0-1"]
[WhiteElo "2084"]
[BlackElo "2044"]
[PlyCount "100"]
[EventDate "2013.10.19"]
[EventType "swiss"]
[EventRounds "9"]
[EventCountry "RUS"]
[SourceTitle "EXT 2014"]
[Source "ChessBase"]
[SourceDate "2013.11.20"]
[SourceVersion "1"]
[SourceVersionDate "2013.11.20"]
[SourceQuality "1"]

1. d4 c5 2. d5 Nf6 3. c4 e6 4. Nc3 exd5 5. cxd5 d6 6. e4 g6 7. Nf3 Bg7 8. h3 0-0 9. Bd3 Re8 10. 0-0 c4 11. Bc2 Bd7 12. a4 Na6 13. Re1 Nb4 14. Bb1 a6 15. a5 b5 16. axb6 Qxb6 17. Be3 Qb7 18. Qd2 a5 19. Nd4 Reb8 20. f4 Qc7 21. Re2 Rb7 22. Nf3 Rab8 23. e5 Ne8 24. Rf2 Nd3 25. Bxd3 cxd3 26. Ra2 Qc4 27. Qc1 a4 28. Ra3 Bf5 29. Rxa4 Rb4 30. Rxb4 Qxb4 31. Nd4 Bd7 32. Nf3 Qc4 33. Qa1 Qc7 34. Bd4 Bh6 35. exd6 Nxd6 36. Be5 f6 37. Bxf6 Bxf4 38. Bg5 Nf5 39. Qa6 Bg3 40. Rd2 Qc5+ 41. Kh1 Bc7 42. Bh4 Nxh4 43. Nxh4 Bb6 44. Nf3 Rf8 45. Qa1 Bxh3 46. Qe1 Bd7 47. Rxd3 Qb4 48. Rd2 Qg4 49. Qe5 Rxf3 50. Qb8+ Rf8 0-1

[Event "Bratsk Region-ch"]
[Site "Bratsk"]
[Date "2013.10.22"]
[Round "4"]
[White "Petrov, Andrey A"]
[Black "Bobarykin, Dmitry"]
[Result "1/2-1/2"]
[WhiteElo "2044"]
[BlackElo "2226"]
[PlyCount "101"]
[EventDate "2013.10.19"]
[EventType "swiss"]
[EventRounds "9"]
[EventCountry "RUS"]
[SourceTitle "EXT 2014"]
[Source "ChessBase"]
[SourceDate "2013.11.20"]
[SourceVersion "1"]
[SourceVersionDate "2013.11.20"]
[SourceQuality "1"]

1. e4 e6 2. d4 d5 3. Nd2 c5 4. exd5 exd5 5. Ngf3 Nf6 6. Be2 Nc6 7. 0-0 Be7 8. dxc5 Bxc5 9. Nb3 Be7 10. Nbd4 0-0 11. b3 Bg4 12. Nxc6 bxc6 13. Ne5 Bxe2 14. Qxe2 Qc7 15. Bb2 Rfe8 16. Qd3 Bd6 17. Nf3 Ne4 18. c4 dxc4 19. Qxc4 Rac8 20. Rfe1 Nc5 21. Qg4 Bf8 22. Bc3 Qd7 23. Qxd7 Nxd7 24. Kf1 Nb6 25. Rxe8 Rxe8 26. Bb2 f6 27. Rc1 Rc8 28. Nd4 c5 29. Nb5 c4 30. bxc4 a6 31. Nd4 Kf7 32. Nb3 Rxc4 33. Rxc4 Nxc4 34. Bc3 Ke6 35. Ke2 Kd5 36. f4 Bd6 37. g3 Ke4 38. Nd4 g6 39. Ne6 Kf5 40. Ng7+ Kg4 41. Bxf6 Kh3 42. Bc3 Kxh2 43. Kf3 a5 44. g4 a4 45. g5 Nb6 46. Ne8 Nd5 47. Nxd6 Nxc3 48. a3 Kh3 49. Nc4 Nb5 50. Nb6 Nxa3 51. Nxa4 1/2-1/2

[Event "Sibiria Region-ch"]
[Site "Irkutsk"]
[Date "2009.05.10"]
[Round "1"]
[White "Petrov, Andrey A"]
[Black "Badmatsyrenov, Oleg"]
[Result "0-1"]
[WhiteElo "2066"]
[BlackElo "2386"]
[PlyCount "88"]
[EventDate "2009.05.10"]
[EventType "swiss"]
[EventRounds "9"]
[EventCountry "RUS"]
[SourceTitle "CBM 130 Extra"]
[Source "ChessBase"]
[SourceDate "2009.07.02"]
[SourceVersion "2"]
[SourceVersionDate "2009.07.15"]
[SourceQuality "1"]

1. e4 c5 2. Nf3 e6 3. d4 cxd4 4. Nxd4 a6 5. c4 Nf6 6. Nc3 Qc7 7. a3 b6 8. Nc2 Bb7 9. Qd3 d6 10. f4 Nbd7 11. b4 Rc8 12. Bd2 g6 13. Rc1 Bg7 14. Be2 0-0 15. 0-0 Rfe8 16. Ne3 Qb8 17. Bf3 Bc6 18. Rfd1 b5 19. cxb5 axb5 20. Nc2 e5 21. Be3 Bf8 22. g3 Qb7 23. Re1 exf4 24. Bxf4 Ne5 25. Bxe5 dxe5 26. Nd5 Bxd5 27. exd5 e4 28. Bxe4 Nxe4 29. Rxe4 Rxe4 30. Qxe4 Qc7 31. d6 Qb6+ 32. Kh1 Qxd6 33. Rf1 f5 34. Qg2 Bh6 35. Ne1 Bg7 36. Qe2 Qd5+ 37. Ng2 Ra8 38. Rd1 Qc6 39. Qd3 Rc8 40. h3 Be5 41. Kh2 Qc7 42. Qe3 Re8 43. Nf4 g5 44. Nh5 Bxg3+ 0-1